[Event "81. C.to Provinciale VE"]
[Site "Campalto ITA"]
[Date "2022.04.03"]
[Round "3.9"]
[White "Zangrando, Gianpietro"]
[Black "Steffenato, Alberto"]
[Result "1/2-1/2"]
[WhiteElo "1700"]
[BlackElo "1312"]
[Annotator "Gabriele Ballarin"]
[PlyCount "45"]
[EventDate "2022.04.01"]
[EventType "swiss"]
[EventRounds "5"]
[EventCountry "ITA"]

1. Nf3 e6 2. g3 f5 3. d4 Nf6 4. Bg2 Nc6 5. c4 Be7 6. O-O O-O 7. Nc3 b6 8. a3 Bb7 9. b4 a6 10. e3 Qe8 11. d5 exd5 12. cxd5 Nd8 13. Bb2 Bd6 14. Nd4 Ne4 15. Qc2 Nxc3 16. Bxc3 Qf7 17. Qa2 Qg6 18. Ne2 Nf7 19. Qb2 Ng5 20. Be5 Rae8 21. Bxd6 Qxd6 22. Nf4 Ne4 23. Rad1 1/2-1/2

[Event "81. C.to Provinciale VE"]
[Site "Campalto ITA"]
[Date "2022.04.03"]
[Round "4.1"]
[White "Simonetto, Andrea"]
[Black "Toniolo, Samuel"]
[Result "1-0"]
[WhiteElo "2241"]
[BlackElo "2000"]
[Annotator "Gabriele Ballarin"]
[PlyCount "117"]
[EventDate "2022.04.01"]
[EventType "swiss"]
[EventRounds "5"]
[EventCountry "ITA"]

1. Nf3 d5 2. e3 Nf6 3. c4 e6 4. b3 c5 5. Bb2 Nc6 6. cxd5 exd5 7. Be2 Bd6 8. O-O O-O 9. d4 cxd4 10. Nxd4 Bb8 11. Nd2 Qd6 12. N2f3 Ne5 13. Qc1 Re8 14. Nxe5 Qxe5 15. Nf3 Qf5 16. Bxf6 Qxf6 17. Rd1 Be6 18. Qc5 Rc8 19. Qb4 b6 20. Ba6 Rd8 21. Rac1 Bd6 22. Qd4 Qg6 23. Rd2 Qh5 24. Be2 Rac8 25. Rdc2 Rxc2 26. Rxc2 Rc8 27. Rxc8+ Bxc8 28. Qa4 Bg4 29. Qxa7 h6 30. h3 Bxf3 31. Bxf3 Qe5 32. Qa8+ Kh7 33. Qxd5 Qxd5 34. Bxd5 Kg6 35. Kf1 f5 36. Ke2 Kf6 37. f4 g5 38. Kf3 Bc5 39. g4 gxf4 40. exf4 Bd6 41. Bb7 Ba3 42. Bc8 fxg4+ 43. hxg4 b5 44. b4 Bxb4 45. Bd7 Ba3 46. Bxb5 Ke6 47. Ke4 Kf6 48. Bc4 Bb4 49. a4 Bd2 50. Bb5 Bb4 51. Be8 Bd2 52. Bh5 Ke6 53. f5+ Kd6 54. f6 Ke6 55. f7 Bb4 56. a5 Kd7 57. Kd5 Kc7 58. Bg6 Kb7 59. Bd3 1-0

[Event "81. C.to Provinciale VE"]
[Site "Campalto ITA"]
[Date "2022.04.03"]
[Round "4.2"]
[White "Casagrande, Corrado"]
[Black "Renier, Renzo"]
[Result "1-0"]
[WhiteElo "1636"]
[BlackElo "1847"]
[Annotator "Gabriele Ballarin"]
[PlyCount "107"]
[EventDate "2022.04.01"]
[EventType "swiss"]
[EventRounds "5"]
[EventCountry "ITA"]

1. d4 Nf6 2. c4 g6 3. Nc3 d5 4. cxd5 Nxd5 5. e4 Nxc3 6. bxc3 Bg7 7. Bc4 c5 8. Be3 O-O 9. Ne2 Nc6 10. O-O cxd4 11. cxd4 Bg4 12. f3 Na5 13. Bxf7+ Rxf7 14. fxg4 Rxf1+ 15. Kxf1 Nc4 16. Qb3 Rc8 17. Rd1 Qd7 18. Ng3 Qxg4 19. Kg1 Kh8 20. Bf2 h5 21. Rc1 Nd2 22. Rxc8+ Qxc8 23. Qb2 Nc4 24. Qc2 b5 25. h3 Kh7 26. e5 Nb6 27. Qxc8 Nxc8 28. Ne2 Nb6 29. Nc3 b4 30. Ne4 Nd5 31. Be1 Bh6 32. Nd2 Be3+ 33. Kf1 Bxd4 34. e6 Ne3+ 35. Kf2 Nc2+ 36. Ke2 Nxe1 37. Kxe1 Bc3 38. Kd1 Bxd2 39. Kxd2 Kg7 40. Kd3 Kf6 41. Kc4 a5 42. Kb5 Kxe6 43. Kxa5 Kf5 44. Kxb4 e5 45. Kc3 Kf4 46. Kd3 Kg3 47. a4 Kxg2 48. a5 Kf3 49. a6 e4+ 50. Kc2 Kg3 51. a7 Kxh3 52. a8=Q g5 53. Qxe4 g4 54. Qh1+ 1-0

[Event "81. C.to Provinciale VE"]
[Site "Campalto ITA"]
[Date "2022.04.03"]
[Round "4.4"]
[White "Serea, Gabriele"]
[Black "Pintonello, Francesco"]
[Result "1/2-1/2"]
[WhiteElo "1741"]
[BlackElo "1456"]
[Annotator "Gabriele Ballarin"]
[PlyCount "118"]
[EventDate "2022.04.01"]
[EventType "swiss"]
[EventRounds "5"]
[EventCountry "ITA"]

1. e4 e5 2. Nf3 d6 3. d4 exd4 4. Nxd4 g6 5. c4 Bg7 6. Be3 Ne7 7. Nc3 Nbc6 8. Be2 O-O 9. O-O a6 10. Qd2 Nxd4 11. Bxd4 Nc6 12. Bxg7 Kxg7 13. Nd5 Be6 14. Qc3+ f6 15. Nf4 Bf7 16. Nd5 Re8 17. Bd3 Ne5 18. Bc2 Bxd5 19. exd5 Nd7 20. Rfe1 Nb6 21. a4 Rxe1+ 22. Rxe1 Qf8 23. a5 Nd7 24. Qh3 Qf7 25. b4 Re8 26. Qc3 Rxe1+ 27. Qxe1 Kf8 28. f4 Qe7 29. Qxe7+ Kxe7 30. Ba4 h6 31. Kf2 f5 32. h3 b6 33. Ke3 bxa5 34. Bxd7 Kxd7 35. bxa5 Ke7 36. Kf3 h5 37. Kg3 Kf7 38. Kh4 Kf6 39. g3 Kf7 40. g4 hxg4 41. hxg4 Kf6 42. Kg3 Kg7 43. Kh3 Kf7 44. Kg2 Kg7 45. Kh2 Kf6 46. Kg3 Kf7 47. Kh4 Kf6 48. gxf5 Kxf5 49. Kg3 Ke4 50. Kg4 Ke3 51. Kg5 Ke4 52. Kxg6 Kxf4 53. Kf6 Ke4 54. Ke6 Kd4 55. Kd7 Kxc4 56. Kxc7 Kc5 57. Kb7 Kb5 58. Kb8 Kb4 59. Kc8 Kc4 1/2-1/2

[Event "81. C.to Provinciale VE"]
[Site "Campalto ITA"]
[Date "2022.04.03"]
[Round "4.6"]
[White "Gaggio, Giacomo"]
[Black "Zangrando, Gianpietro"]
[Result "0-1"]
[WhiteElo "1093"]
[BlackElo "1700"]
[Annotator "Gabriele Ballarin"]
[PlyCount "76"]
[EventDate "2022.04.01"]
[EventType "swiss"]
[EventRounds "5"]
[EventCountry "ITA"]

1. d4 e6 2. c4 d5 3. Nc3 Nf6 4. Nf3 c6 5. Bg5 Be7 6. e3 O-O 7. c5 Nbd7 8. Bd3 b6 9. b4 a5 10. a3 bxc5 11. bxc5 Ba6 12. Bxa6 Rxa6 13. Rb1 Qa8 14. O-O Re8 15. Qd3 Ra7 16. Bf4 Nh5 17. Be5 Nhf6 18. Na4 Bd8 19. Rb2 Ne4 20. Rfb1 f6 21. Bg3 e5 22. Nd2 Nxg3 23. hxg3 exd4 24. Qxd4 Bc7 25. e4 Be5 26. Qd3 Bxb2 27. Rxb2 Rb7 28. Nb6 Qa7 29. Qd4 Nxb6 30. cxb6 Qb8 31. exd5 Rd8 32. Nb1 Rxd5 33. Qc4 Rxb6 34. Rxb6 Qxb6 35. Nc3 Qc5 36. Qe4 Re5 37. Qd3 Re1+ 38. Kh2 Qh5# 0-1

[Event "81. C.to Provinciale VE"]
[Site "Campalto ITA"]
[Date "2022.04.03"]
[Round "4.7"]
[White "Granili, Corrado"]
[Black "Loris, Stefano"]
[Result "0-1"]
[WhiteElo "1203"]
[BlackElo "1630"]
[Annotator "Gabriele Ballarin"]
[PlyCount "51"]
[EventDate "2022.04.01"]
[EventType "swiss"]
[EventRounds "5"]
[EventCountry "ITA"]

1. e4 c6 2. d4 d5 3. e5 Bf5 4. Bd3 Bxd3 5. Qxd3 e6 6. Nf3 c5 7. c3 Nc6 8. O-O Qb6 9. Qd2 cxd4 10. cxd4 Bb4 11. Nc3 Qd8 12. a3 Ba5 13. Qc2 a6 14. Bg5 Nge7 15. Na4 Qc8 16. Qd3 O-O 17. Rac1 Qb8 18. Nc5 Qa7 19. b4 Bb6 20. Nb3 h6 21. Bh4 Nf5 22. Nc5 Ncxd4 23. Nxd4 Nxh4 24. Nd7 Rfc8 25. Nxb6 Qxb6 26. Qg3 0-1

[Event "81. C.to Provinciale VE"]
[Site "Campalto ITA"]
[Date "2022.04.03"]
[Round "4.8"]
[White "Calore, Elias"]
[Black "Piovesan, Sara"]
[Result "1-0"]
[WhiteElo "1445"]
[BlackElo "1143"]
[Annotator "Gabriele Ballarin"]
[PlyCount "77"]
[EventDate "2022.04.01"]
[EventType "swiss"]
[EventRounds "5"]
[EventCountry "ITA"]

1. d4 d5 2. c4 e6 3. Nc3 Nf6 4. cxd5 exd5 5. Bg5 Bb4 6. e3 h6 7. Bh4 g5 8. Bg3 Ne4 9. Nge2 h5 10. h4 Nxg3 11. Nxg3 g4 12. Bd3 Bd6 13. Nf5 Bxf5 14. Bxf5 c6 15. g3 Qc7 16. Ne2 Nd7 17. O-O Nf6 18. Qc2 Qe7 19. Nc3 Bxg3 20. fxg3 Qxe3+ 21. Qf2 Qxf2+ 22. Rxf2 b6 23. Re1+ Kf8 24. Rfe2 Re8 25. Rxe8+ Nxe8 26. Ne2 Nd6 27. Bd7 c5 28. dxc5 bxc5 29. Nf4 d4 30. Re5 c4 31. Nxh5 d3 32. Bxg4 Rg8 33. Bf3 Rg6 34. Kf2 f6 35. Rd5 f5 36. Nf4 Rf6 37. Ke3 Ke7 38. Ra5 Nc8 39. Nd5+ 1-0

[Event "81. C.to Provinciale VE"]
[Site "Campalto ITA"]
[Date "2022.04.03"]
[Round "4.11"]
[White "Zanon, Michele"]
[Black "Gibellato, Francesco"]
[Result "1-0"]
[WhiteElo "1364"]
[BlackElo "1981"]
[Annotator "Gabriele Ballarin"]
[PlyCount "57"]
[EventDate "2022.04.01"]
[EventType "swiss"]
[EventRounds "5"]
[EventCountry "ITA"]

1. d4 Nf6 2. c4 e5 3. dxe5 Ng4 4. Nf3 Nc6 5. Bf4 Bb4+ 6. Nc3 Qe7 7. e3 Ngxe5 8. Be2 Bxc3+ 9. bxc3 d6 10. Nd4 O-O 11. O-O Bd7 12. Qc2 Ng6 13. Bg3 f5 14. Bf3 f4 15. exf4 Nxf4 16. Bxf4 Rxf4 17. Rae1 Qg5 18. Bd5+ Kh8 19. Qe2 Ne5 20. f3 c6 21. Be6 Qe7 22. Bxd7 Qxd7 23. g3 Rf6 24. f4 Ng6 25. Nf3 h6 26. Rf2 Raf8 27. Qd3 Rxf4 28. Qxg6 Rxf3 29. Rxf3 1-0

[Event "81. C.to Provinciale VE"]
[Site "Campalto ITA"]
[Date "2022.04.03"]
[Round "5.1"]
[White "Ballarin, Gabriele"]
[Black "Simonetto, Andrea"]
[Result "0-1"]
[WhiteElo "1833"]
[BlackElo "2241"]
[Annotator "Gabriele Ballarin"]
[PlyCount "94"]
[EventDate "2022.04.01"]
[EventType "swiss"]
[EventRounds "5"]
[EventCountry "ITA"]

1. e4 c6 2. d4 d5 3. exd5 cxd5 4. Bd3 Nf6 5. c3 Bg4 6. Qb3 Qc7 7. Nd2 Nc6 8. f3 Bh5 9. Ne2 Bg6 10. Bxg6 hxg6 11. Nf1 e6 12. Bf4 Bd6 13. g3 O-O 14. Ne3 Rab8 15. Kf2 b5 16. Bxd6 Qxd6 17. a3 Rfc8 18. Rhb1 a5 19. Qd1 b4 20. axb4 axb4 21. Ra6 Qd7 22. Rba1 bxc3 23. bxc3 Rb2 24. Qa4 e5 25. dxe5 Qh3 26. Nf1 Nxe5 27. Ra8 Rxe2+ 28. Kxe2 Qg2+ 29. Ke3 Qxf3+ 30. Kd2 Qf2+ 31. Kd1 Qxf1+ 32. Kc2 Qd3+ 33. Kc1 Qxc3+ 34. Kb1 Qd3+ 35. Ka2 Rxa8 36. Qxa8+ Kh7 37. Rb1 Ne4 38. Rb8 Nc3+ 39. Ka1 g5 40. h4 gxh4 41. gxh4 Nc4 42. Rh8+ Kg6 43. Qc6+ f6 44. Qe8+ Kf5 45. Rh5+ Kf4 46. Rf5+ Qxf5 47. Qb8+ Kg4 0-1

[Event "81. C.to Provinciale VE"]
[Site "Campalto ITA"]
[Date "2022.04.03"]
[Round "5.2"]
[White "Pintonello, Francesco"]
[Black "Casagrande, Corrado"]
[Result "1-0"]
[WhiteElo "1456"]
[BlackElo "1636"]
[Annotator "Gabriele Ballarin"]
[PlyCount "115"]
[EventDate "2022.04.01"]
[EventType "swiss"]
[EventRounds "5"]
[EventCountry "ITA"]

1. d4 d5 2. Nf3 Nf6 3. Bf4 e6 4. e3 c5 5. c4 dxc4 6. Bxc4 Nc6 7. Bb5 Bd7 8. dxc5 Bxc5 9. O-O O-O 10. Nc3 a6 11. Ba4 b5 12. Bc2 Nb4 13. Bb1 Nbd5 14. Nxd5 exd5 15. Bg5 Be7 16. Qd3 Ne4 17. Bxe7 Qxe7 18. Qxd5 Nf6 19. Qe5 Qxe5 20. Nxe5 Be6 21. Nf3 Bd5 22. Nd4 Be4 23. Bxe4 Nxe4 24. Rfd1 Rac8 25. f3 Nf6 26. Rac1 g6 27. Kf2 Kg7 28. Ke2 Rfe8 29. Rxc8 Rxc8 30. Kd2 Nd5 31. e4 Nf4 32. g3 Nh5 33. Rc1 Rxc1 34. Kxc1 Nf6 35. Kc2 Nd7 36. Kc3 Nc5 37. b3 Kf6 38. Nc6 Ke6 39. Kd4 Nb7 40. Nb4 a5 41. Nd3 Kd6 42. e5+ Kc6 43. a3 h6 44. b4 a4 45. h4 Nd8 46. Nc5 g5 47. hxg5 hxg5 48. Ke4 Ne6 49. Nxe6 fxe6 50. f4 g4 51. f5 exf5+ 52. Kxf5 Kd5 53. e6 Kc4 54. e7 Kb3 55. e8=Q Kxa3 56. Qxb5 Kb3 57. Qa5 a3 58. b5 1-0

[Event "81. C.to Provinciale VE"]
[Site "Campalto ITA"]
[Date "2022.04.03"]
[Round "5.3"]
[White "Toniolo, Samuel"]
[Black "Serea, Gabriele"]
[Result "1-0"]
[WhiteElo "2000"]
[BlackElo "1741"]
[Annotator "Gabriele Ballarin"]
[PlyCount "39"]
[EventDate "2022.04.01"]
[EventType "swiss"]
[EventRounds "5"]
[EventCountry "ITA"]

1. e4 e5 2. Nf3 Nc6 3. Nc3 Nf6 4. Bb5 d6 5. d4 exd4 6. Nxd4 Bd7 7. O-O Nxd4 8. Bxd7+ Qxd7 9. Qxd4 Be7 10. Bg5 Qg4 11. Qa4+ c6 12. Bxf6 Bxf6 13. Nd5 Bd8 14. Rad1 O-O 15. Ne3 Qe6 16. Qb4 Be7 17. Nf5 Bf6 18. Rxd6 Qxa2 19. Rxf6 gxf6 20. Qc3 1-0

[Event "81. C.to Provinciale VE"]
[Site "Campalto ITA"]
[Date "2022.04.03"]
[Round "5.4"]
[White "Renier, Renzo"]
[Black "Gaggio, Giacomo"]
[Result "1-0"]
[WhiteElo "1847"]
[BlackElo "1093"]
[Annotator "Gabriele Ballarin"]
[PlyCount "33"]
[EventDate "2022.04.01"]
[EventType "swiss"]
[EventRounds "5"]
[EventCountry "ITA"]

1. e4 c5 2. Nf3 Nc6 3. d4 cxd4 4. Nxd4 g6 5. Nc3 Bg7 6. Be3 Nf6 7. Bc4 e6 8. Qd2 Nxe4 9. Nxe4 d5 10. Nxc6 bxc6 11. O-O-O Bd7 12. Nc5 Rb8 13. Bb3 a5 14. Bd4 e5 15. Bxe5 Bxe5 16. Rde1 Qe7 17. Rxe5 1-0

[Event "81. C.to Provinciale VE"]
[Site "Campalto ITA"]
[Date "2022.04.03"]
[Round "5.5"]
[White "Zangrando, Gianpietro"]
[Black "Calore, Elias"]
[Result "1-0"]
[WhiteElo "1700"]
[BlackElo "1445"]
[Annotator "Gabriele Ballarin"]
[PlyCount "68"]
[EventDate "2022.04.01"]
[EventType "swiss"]
[EventRounds "5"]
[EventCountry "ITA"]

1. Nf3 c5 2. g3 Nf6 3. Bg2 Nc6 4. d4 cxd4 5. Nxd4 Qb6 6. Nb3 e6 7. O-O d5 8. Be3 Qc7 9. Nc3 a6 10. a4 Bd6 11. a5 O-O 12. Bb6 Qe7 13. e4 dxe4 14. Nxe4 Nxe4 15. Bxe4 Bd7 16. Re1 Rac8 17. Re2 Nd8 18. Rd2 Bc6 19. Bxc6 Rxc6 20. Ra4 Bc7 21. Rd7 Rd6 22. Rxd6 Qxd6 23. Rd4 Qc6 24. Bxc7 Qxc7 25. Rd7 Qb8 26. Nc5 g6 27. Rd3 Nc6 28. Nd7 Qc7 29. Nxf8 Kxf8 30. Rd7 Qe5 31. Rxb7 Qxa5 32. Qd6+ Kg7 33. Qxc6 Qe1+ 34. Kg2 Qe5 1-0

[Event "81. C.to Provinciale VE"]
[Site "Campalto ITA"]
[Date "2022.04.03"]
[Round "5.6"]
[White "Loris, Stefano"]
[Black "Piovesan, Alberto"]
[Result "1-0"]
[WhiteElo "1630"]
[BlackElo "1299"]
[Annotator "Gabriele Ballarin"]
[PlyCount "49"]
[EventDate "2022.04.01"]
[EventType "swiss"]
[EventRounds "5"]
[EventCountry "ITA"]

1. d4 d5 2. c4 c6 3. Nc3 Nf6 4. Bg5 e6 5. cxd5 cxd5 6. e3 Be7 7. Bd3 h6 8. Bh4 a6 9. Nge2 Nh5 10. Bxe7 Qxe7 11. O-O O-O 12. Rc1 Bd7 13. a3 b5 14. b4 Qd6 15. Na2 Nc6 16. Rc5 Rfc8 17. Qd2 Nf6 18. Rfc1 Ne4 19. Bxe4 dxe4 20. Qc2 f5 21. Qd1 Ne7 22. Qb3 Nd5 23. Nac3 Rxc5 24. dxc5 Qe7 25. Nxd5 1-0

[Event "81.Camp. Veneto Quarti di Finale"]
[Site "Verona ITA"]
[Date "2022.05.06"]
[Round "1.1"]
[White "Gennari, Andrea"]
[Black "Barp, Alberto"]
[Result "0-1"]
[WhiteElo "1749"]
[BlackElo "2384"]
[Annotator "Gabriele Ballarin"]
[PlyCount "98"]
[EventDate "2022.05.06"]
[EventType "swiss"]
[EventRounds "5"]
[EventCountry "ITA"]

1. d4 Nf6 2. c4 e6 3. Nc3 Bb4 4. Qc2 O-O 5. Bg5 c5 6. e3 cxd4 7. exd4 Nc6 8. Nf3 d5 9. Rd1 h6 10. Bh4 Be7 11. Bd3 Nb4 12. Qb1 Nxd3+ 13. Qxd3 dxc4 14. Qxc4 b6 15. d5 Nxd5 16. Nxd5 exd5 17. Rxd5 Be6 18. Rxd8 Bxc4 19. Bxe7 Rfxd8 20. Bxd8 Rxd8 21. Nd2 Bd5 22. f3 Rc8 23. Kd1 Bxa2 24. Re1 Be6 25. Re3 Kf8 26. Ne4 Ke7 27. Ra3 a5 28. b4 f5 29. Nd2 axb4 30. Ra4 b5 31. Rxb4 Rc5 32. Nb3 Bxb3+ 33. Rxb3 Kd6 34. Kd2 Kc6 35. Rb2 Rd5+ 36. Kc3 Kc5 37. Rb1 f4 38. Rb2 g5 39. Rb1 Re5 40. Rb2 b4+ 41. Kd2 Rd5+ 42. Kc2 Kc4 43. Rb1 Re5 44. Kd2 Re3 45. h3 Rd3+ 46. Kc1 Kc3 47. Ra1 b3 48. Ra3 Rd6 49. h4 gxh4 0-1

[Event "81.Camp. Veneto Quarti di Finale"]
[Site "Verona ITA"]
[Date "2022.05.06"]
[Round "1.2"]
[White "Kosarev, Andrei M."]
[Black "Serea, Gabriele"]
[Result "1-0"]
[WhiteElo "2306"]
[BlackElo "1722"]
[Annotator "Gabriele Ballarin"]
[PlyCount "35"]
[EventDate "2022.05.06"]
[EventType "swiss"]
[EventRounds "5"]
[EventCountry "ITA"]

1. e4 e5 2. Nf3 Nc6 3. Bb5 a6 4. Ba4 Nf6 5. d3 b5 6. Bb3 Bc5 7. Bg5 d6 8. c3 O-O 9. O-O Bb6 10. a4 Bb7 11. Na3 b4 12. Nc4 Ba7 13. Ne3 Bxe3 14. fxe3 a5 15. Nh4 Ne7 16. Rxf6 gxf6 17. Bxf6 Bc8 18. Qh5 1-0

[Event "81.Camp. Veneto Quarti di Finale"]
[Site "Verona ITA"]
[Date "2022.05.06"]
[Round "1.3"]
[White "Passon, Stefano"]
[Black "Boraso, Alessio"]
[Result "0-1"]
[WhiteElo "1698"]
[BlackElo "2287"]
[Annotator "Gabriele Ballarin"]
[PlyCount "76"]
[EventDate "2022.05.06"]
[EventType "swiss"]
[EventRounds "5"]
[EventCountry "ITA"]

1. d4 Nf6 2. Nf3 g6 3. Nc3 d5 4. Bf4 Bg7 5. e3 O-O 6. Bd3 c5 7. Ne5 Nc6 8. Nxc6 bxc6 9. Be5 Qa5 10. O-O c4 11. Be2 Ne8 12. Bxg7 Kxg7 13. e4 Rb8 14. Rb1 Nd6 15. exd5 cxd5 16. Bf3 Be6 17. h4 Nf5 18. h5 Rfd8 19. Qe2 Qc7 20. Rfd1 Nh4 21. Bg4 Rb6 22. Na4 Qf4 23. h6+ Kxh6 24. Nxb6 Bxg4 25. f3 Nxf3+ 26. gxf3 Bxf3 27. Qd2 Qxd2 28. Rxd2 axb6 29. Rf2 Be4 30. Rxf7 Rd7 31. Kf2 g5 32. Re1 Kg6 33. Rf8 Kg7 34. Rb8 Rd6 35. c3 h5 36. Kg3 Rf6 37. Re2 h4+ 38. Kg4 Bf3+ 0-1

[Event "81.Camp. Veneto Quarti di Finale"]
[Site "Verona ITA"]
[Date "2022.05.06"]
[Round "1.4"]
[White "Coratella, Giuseppe"]
[Black "Gneo, Marco"]
[Result "1-0"]
[WhiteElo "2187"]
[BlackElo "1687"]
[Annotator "Gabriele Ballarin"]
[PlyCount "33"]
[EventDate "2022.05.06"]
[EventType "swiss"]
[EventRounds "5"]
[EventCountry "ITA"]

1. e4 c5 2. Nf3 e6 3. d4 cxd4 4. Nxd4 a6 5. Nc3 Qc7 6. g3 Nf6 7. Bg2 Nc6 8. Be3 Be7 9. O-O O-O 10. h3 Rb8 11. f4 d6 12. Qe2 Bd7 13. Rae1 Nxd4 14. Bxd4 Bc6 15. g4 Nd7 16. g5 f6 17. Qc4 1-0

[Event "81.Camp. Veneto Quarti di Finale"]
[Site "Verona ITA"]
[Date "2022.05.06"]
[Round "1.6"]
[White "Zenari, Marco"]
[Black "Tomio, Dante"]
[Result "1-0"]
[WhiteElo "2128"]
[BlackElo "1650"]
[Annotator "Gabriele Ballarin"]
[PlyCount "64"]
[EventDate "2022.05.06"]
[EventType "swiss"]
[EventRounds "5"]
[EventCountry "ITA"]

1. e4 c5 2. Nf3 e6 3. d4 cxd4 4. Nxd4 a6 5. Nc3 Qc7 6. Be2 Nf6 7. O-O b5 8. Be3 Bb7 9. f4 Nxe4 10. Nxe4 Bxe4 11. Bf3 Bxf3 12. Qxf3 Nc6 13. f5 e5 14. f6 g6 15. Nb3 O-O-O 16. c3 d5 17. a4 b4 18. a5 Rd7 19. Rfd1 bxc3 20. bxc3 h5 21. Rxd5 Bd6 22. Bb6 Qb8 23. Rad1 Re8 24. Qe4 Re6 25. Nc5 Bxc5+ 26. Bxc5 Rxd5 27. Qxd5 Qb7 28. Bb6 Re8 29. Qd6 e4 30. Kf2 e3+ 31. Ke1 Re5 32. h4 Rc5 1-0

[Event "81.Camp. Veneto Quarti di Finale"]
[Site "Verona ITA"]
[Date "2022.05.06"]
[Round "1.7"]
[White "Gurzoni, Francesco"]
[Black "Casadio, Niccolò"]
[Result "0-1"]
[WhiteElo "1540"]
[BlackElo "2127"]
[Annotator "Gabriele Ballarin"]
[PlyCount "58"]
[EventDate "2022.05.06"]
[EventType "swiss"]
[EventRounds "5"]
[EventCountry "ITA"]

1. e4 e6 2. d3 c5 3. Nd2 Nc6 4. g3 Nge7 5. Bg2 g6 6. Ngf3 Bg7 7. O-O O-O 8. Re1 d6 9. c3 e5 10. Nf1 h6 11. Ne3 Be6 12. Nd2 f5 13. exf5 gxf5 14. a4 Qe8 15. Bf3 Qd7 16. Ng2 Ng6 17. Bh5 Kh7 18. Nf1 Rae8 19. f4 Bf7 20. Qf3 d5 21. Be3 e4 22. dxe4 fxe4 23. Qf2 d4 24. Bd2 Nxf4 25. Bxf4 Bxh5 26. Rad1 Bxd1 27. Rxd1 Qg4 28. Qc2 Kh8 29. Ne1 Rxf4 0-1

[Event "81.Camp. Veneto Quarti di Finale"]
[Site "Verona ITA"]
[Date "2022.05.06"]
[Round "1.8"]
[White "Gennari, Jacopo"]
[Black "Gallo, Pietro"]
[Result "1/2-1/2"]
[WhiteElo "2073"]
[BlackElo "1537"]
[Annotator "Gabriele Ballarin"]
[PlyCount "107"]
[EventDate "2022.05.06"]
[EventType "swiss"]
[EventRounds "5"]
[EventCountry "ITA"]

1. d4 d5 2. c4 c6 3. Nc3 Nf6 4. cxd5 cxd5 5. Bf4 e6 6. e3 Bd6 7. Bb5+ Nc6 8. Nf3 Bxf4 9. exf4 O-O 10. O-O Bd7 11. Ne5 Qb6 12. Bxc6 Bxc6 13. Rb1 Rac8 14. Re1 Bb5 15. Qb3 Bc4 16. Qxb6 axb6 17. b3 Ba6 18. Rbc1 Rc7 19. Na4 Rfc8 20. Rxc7 Rxc7 21. Nxb6 Rc2 22. a3 Ne4 23. Ned7 Nc3 24. g3 Ne2+ 25. Kg2 Nxd4 26. Nxd5 h6 27. Nb4 Rc3 28. Re3 Rxb3 29. Nc5 Rxe3 30. fxe3 Nb5 31. a4 Nc7 32. Kf3 Kf8 33. Ke4 Ke7 34. Kd4 f6 35. e4 g5 36. e5 h5 37. exf6+ Kxf6 38. Nbxa6 bxa6 39. fxg5+ Kxg5 40. Ke5 Kg4 41. Kd6 Nd5 42. Nxa6 Nb6 43. Nc5 Nxa4 44. Nxa4 Kh3 45. Ke5 Kxh2 46. Kf4 e5+ 47. Kf3 e4+ 48. Kf4 Kg2 49. Nc3 e3 50. Ne2 Kf2 51. Nc1 e2 52. Nd3+ Kg2 53. Ne1+ Kf2 54. Nd3+ 1/2-1/2

[Event "81.Camp. Veneto Quarti di Finale"]
[Site "Verona ITA"]
[Date "2022.05.06"]
[Round "1.9"]
[White "Amadardo, Matteo"]
[Black "Bevilacqua, Maurizio"]
[Result "0-1"]
[WhiteElo "1504"]
[BlackElo "2049"]
[Annotator "Gabriele Ballarin"]
[PlyCount "94"]
[EventDate "2022.05.06"]
[EventType "swiss"]
[EventRounds "5"]
[EventCountry "ITA"]

1. c4 e5 2. Nc3 Nc6 3. g3 Nf6 4. Bg2 Bc5 5. e3 O-O 6. Nge2 Re8 7. O-O e4 8. a3 a6 9. b3 d6 10. Qc2 Bg4 11. d4 exd3 12. Qxd3 Ne5 13. Qc2 Nf3+ 14. Kh1 Qc8 15. Rd1 Bf5 16. Qb2 Ng5 17. Nd5 Nfe4 18. Kg1 Nh3+ 19. Bxh3 Bxh3 20. Ndf4 Bg4 21. Kg2 Ng5 22. Rd5 Bf3+ 23. Kf1 Bxd5 24. Nh5 Qh3+ 25. Ke1 Qxh5 26. Nf4 Qxh2 27. Nxd5 Nf3+ 28. Kd1 Qg1+ 29. Ke2 Nd4+ 30. Kd3 Qf1+ 31. Kc3 Ne2+ 32. Kc2 Nxc1 33. Rxc1 Qxf2+ 34. Kb1 Qxb2+ 35. Kxb2 Bxe3 36. Rd1 Rac8 37. Kc2 Bg5 38. Kd3 c6 39. Nf4 g6 40. Rf1 Re5 41. Rf3 Rce8 42. Kd4 Re4+ 43. Kd3 f5 44. Ng2 d5 45. c5 d4 46. a4 R8e5 47. Kc4 Be7 0-1

[Event "81.Camp. Veneto Quarti di Finale"]
[Site "Verona ITA"]
[Date "2022.05.06"]
[Round "1.10"]
[White "Vujicic, Luigi"]
[Black "Fanchin, Matteo"]
[Result "1-0"]
[WhiteElo "1952"]
[BlackElo "1467"]
[Annotator "Gabriele Ballarin"]
[PlyCount "95"]
[EventDate "2022.05.06"]
[EventType "swiss"]
[EventRounds "5"]
[EventCountry "ITA"]

1. e4 c5 2. Nc3 Nc6 3. g3 g6 4. Bg2 Bg7 5. d3 d6 6. Be3 Nf6 7. h3 e5 8. Qd2 Be6 9. Nd5 O-O 10. c3 b5 11. Ne2 Rb8 12. O-O b4 13. d4 bxc3 14. bxc3 cxd4 15. cxd4 exd4 16. Nxd4 Nxd4 17. Bxd4 Bxd5 18. exd5 Nd7 19. Bxa7 Rb2 20. Qf4 Qa5 21. Qe3 Rxa2 22. Rxa2 Qxa2 23. Bd4 Bxd4 24. Qxd4 Nc5 25. Qf6 Qa6 26. Re1 Qb6 27. h4 h5 28. g4 hxg4 29. h5 Nd3 30. Re2 Nxf2 31. Qxf2 Qxf2+ 32. Rxf2 gxh5 33. Rf5 Kg7 34. Rxh5 f5 35. Kf2 Kg6 36. Rh1 Kg5 37. Re1 Rf6 38. Re8 f4 39. Be4 Kh4 40. Re6 Kg5 41. Re8 Kh4 42. Rg8 f3 43. Bd3 Rf7 44. Rh8+ Kg5 45. Kg3 Rf6 46. Rg8+ Kh5 47. Rxg4 f2 48. Rf4 1-0

[Event "81.Camp. Veneto Quarti di Finale"]
[Site "Verona ITA"]
[Date "2022.05.06"]
[Round "1.11"]
[White "Calore, Elias"]
[Black "Bertani, Gianfranco"]
[Result "0-1"]
[WhiteElo "1443"]
[BlackElo "1946"]
[Annotator "Gabriele Ballarin"]
[PlyCount "32"]
[EventDate "2022.05.06"]
[EventType "swiss"]
[EventRounds "5"]
[EventCountry "ITA"]

1. d4 Nf6 2. Bg5 Ne4 3. h4 d5 4. Nd2 Nxg5 5. hxg5 Bf5 6. Ngf3 e6 7. Nb3 Nd7 8. Qd2 Be7 9. Qf4 Bxc2 10. Nbd2 Bg6 11. Rc1 c6 12. e3 O-O 13. Be2 Rc8 14. Qg3 c5 15. dxc5 Nxc5 16. Nh4 Nd3+ 0-1

[Event "81.Camp. Veneto Quarti di Finale"]
[Site "Verona ITA"]
[Date "2022.05.06"]
[Round "1.12"]
[White "Faccia, Sergio"]
[Black "Giroldi, Gilberto"]
[Result "1-0"]
[WhiteElo "1934"]
[BlackElo "1398"]
[Annotator "Gabriele Ballarin"]
[PlyCount "53"]
[EventDate "2022.05.06"]
[EventType "swiss"]
[EventRounds "5"]
[EventCountry "ITA"]

1. e4 c5 2. b4 Nf6 3. e5 Nd5 4. bxc5 e6 5. d4 b6 6. c4 Nc7 7. cxb6 axb6 8. Nf3 d6 9. Be2 d5 10. O-O Bb7 11. Nc3 dxc4 12. Bxc4 Bxf3 13. Qxf3 Ra7 14. Be3 Qd7 15. d5 Bc5 16. d6 Bxe3 17. fxe3 O-O 18. dxc7 Rxc7 19. Bb5 Qe7 20. Ne4 Kh8 21. Rac1 Rxc1 22. Rxc1 Qa3 23. Rc7 Kg8 24. Nf6+ gxf6 25. Qg3+ Kh8 26. exf6 Rg8 27. Rc8 1-0